Anagrama de países #1 - Estadísticas

Estadísticas generales
  • Esta prueba ha sido intentada 74 veces
  • La puntuación promedio es 8 de 10
Estadísticas de respuestas
Hint Respuesta % Correcto
hadc Chad
98%
cinah China
98%
auzsi Suiza
98%
aycboma Camboya
90%
ainiadlat Tailandia
84%
raodnra Andorra
82%
xcimoe México
76%
aanaelim Alemania
65%
gailera Argelia
53%
ueoganr Noruega
29%
No se encontraron pruebas coincidentes
Distribución de puntuación
Porcentaje de gente con cada puntuación
Porcentaje por número respondido
Historial de tus puntuaciones
No has intentado esta prueba.